Asset Liability Management (Record no. 3598)

MARC details
000 -LEADER
fixed length control field 00943nam a2200205 4500
020 ## - INTERNATIONAL STANDARD BOOK NUMBER
ISBN 8170943523
022 ## - INTERNATIONAL STANDARD SERIAL NUMBER
ISSN 9788170943525
050 ## - CALL NUMBER
Item number HG1615.K86
100 ## - AUTHOR
Personal name T. Ravi Kumar
245 ## - TITLE
Title Asset Liability Management
Statement of responsibility, etc T. Ravi Kumar
250 ## - EDITION
Edition statement 2nd ed
260 ## - PUBLICATION INFORMATION
Place of publication New Delhi
Name of publisher Vision Books
Year of publication 2008
300 ## - DESCRIPTION
Number of Pages 248p,illus
Other physical details 24cm
440 ## - SERIES
SERIES ICFAI- Vision Finance
500 ## - NOTES
General note Includes index
505 ## - FORMATTED CONTENTS NOTE
Table of Content Preface 9<br/>Financial Statements of Banks 13<br/>Risk management in Banks 33<br/>Interest rate risk management 58<br/>Exchange risk management 121<br/>Liquidity risk management 137<br/>Credit risk management 156<br/>ALM Implementation 191<br/>Time value of money 220<br/>Interest rate tables 238<br/>Index 246
650 ## - SUBJECTS
Topical Term Asset Liability Management
700 ## - OTHER AUTHORS
Personal name T. Ravi Kumar
942 ## - ADDED ENTRY ELEMENTS (KOHA)
Koha item type Books
Holdings
Withdrawn status Lost status Collection code Home library Current library Shelving location Date acquired Full call number Accession Number Koha item type
    Reference Methodist University Library Main Methodist University Library Main General Stacks 21/11/2011 HG1615.K86 33989 Books
    Reference Methodist University Library Main Methodist University Library Main General Stacks 21/11/2011 HG1615.K86 33990 Books
    Reference Methodist University Library Main Methodist University Library Main General Stacks 21/11/2011 HG1615.K86 32807 Books
Copyright © 2026  MUG Library